Diario de la navegación : (Record no. 91443)
[ view plain ]
| 000 -LEADER | |
|---|---|
| campo de control de longitud fija | 00577nmm a2200157Ia 4500 |
| 008 - DATOS DE LONGITUD FIJA--INFORMACIÓN GENERAL | |
| campo de control de longitud fija | 251105s9999||||xx |||||||||||||||||und|| |
| 020 ## - NÚMERO INTERNACIONAL ESTÁNDAR DEL LIBRO | |
| Número Internacional Estándar del Libro | 9788498167825 |
| 041 ## - CÓDIGO DE IDIOMA | |
| Código de lengua del texto/banda sonora o título independiente | spa |
| 100 ## - ENTRADA PRINCIPAL--NOMBRE DE PERSONA | |
| Nombre de persona | Villarino, Basilio |
| 245 #0 - MENCIÓN DEL TÍTULO | |
| Título | Diario de la navegación : |
| Resto del título | Emprendida en 1781, desde el río negro, para reconocer la bahía de todos los santos, las islas de Buen Suceso y el desagüe del río Colorado |
| 264 ## - PRODUCCIÓN, PUBLICACIÓN, DISTRIBUCIÓN, FABRICACIÓN Y COPYRIGHT | |
| Producción, publicación, distribución, fabricación y copyright | [Madrid, España] : |
| Nombre del de productor, editor, distribuidor, fabricante | Linkgua, |
| Fecha de producción, publicación, distribución, fabricación o copyright | 2009 |
| 300 ## - DESCRIPCIÓN FÍSICA | |
| Extensión | 41 páginas |
| 490 ## - MENCIÓN DE SERIE | |
| Mención de serie | Historia-Viajes |
| 856 ## - LOCALIZACIÓN Y ACCESO ELECTRÓNICOS | |
| Identificador Uniforme de Recursos | <a href="https://public.digitaliapublishing.com/a/16898">https://public.digitaliapublishing.com/a/16898</a> |
| 942 ## - ELEMENTOS DE ENTRADA SECUNDARIOS (KOHA) | |
| Tipo de ítem Koha | Libro Digital |
No items available.